000 00767 a2200205 4500
999 _c8382
_d8382
003 GBCCL
005 20241126110649.0
008 200224b ||||| |||| 00| 0 eng d
020 _a8180691802
040 _cgbc
082 _a323.09554
_bHUM
245 _aHuman rights and poverty in India :
_btheoretical issues and empirical evidences/
_cedited by S.N. Chaudhary.
260 _aNew Dehli :
_bConcept Publishing Co.,
_c2005.
300 _a5 v.
505 _aPapers presented at the International Conference on Human Rights and Poverty, held at Bhopal during 2-5 October 2001
650 _aHuman rights -- India -- Congresses.
_914659
650 _a Poverty -- India -- Congresses.
_914660
650 _aHuman rights -- Congresses.
_914661
942 _2ddc
_cBK
_04